België - Tegelquiz - Statistieken

Algemene statistieken
  • Deze quiz is 233 keer genomen
  • De gemiddelde score is 113 van 144
Antwoordstatistieken
Vraag Vak Select % Correct
Belgische Provincies aan. Friesland Nee
99%
Belgische Provincies aan. Gelderland Nee
99%
Belgische Provincies aan. Groningen Nee
99%
Belgische Provincies aan. Normandië Nee
99%
Belgische Provincies aan. Overijssel Nee
99%
Belgische Provincies aan. West-Vlaanderen Ja
99%
Belgische Provincies aan. Antwerpen Ja
98%
Belgische Provincies aan. Vlaams-Brabant Ja
98%
Belgische Provincies aan. Occitanië Nee
97%
Belgische Provincies aan. Luik Ja
95%
Belgische Provincies aan. Namen Ja
95%
Belgische Provincies aan. Noord-Brabant Nee
95%
Belgische Provincies aan. Zeeuws Vlaanderen Nee
95%
Belgische provinciehoofdsteden aan. Diest Nee
94%
Belgische koningen aan. Beatrix Nee
93%
Belgische koningen aan. Maxima Nee
93%
Belgische koningen aan. Willem-Alexander Nee
93%
bezienswaardigheden in België aan. Colosseum Nee
92%
Belgische koningen aan. Elisabeth I Nee
92%
Belgische koningen aan. Elisabeth II Nee
92%
bekende Belgen aan. Gerard Joling Nee
92%
bezienswaardigheden in België aan. Arc de Triomphe Nee
91%
Belgische provinciehoofdsteden aan. Doornik Nee
91%
bezienswaardigheden in België aan. Eiffeltoren Nee
91%
Belgische Provincies aan. Henegouwen Ja
91%
Belgische Provincies aan. Luxemburg Ja
91%
Belgische provinciehoofdsteden aan. Aalst Nee
90%
Belgische koningen aan. Albert I Ja
90%
politieke partijen aan die verkozen zijn in het Belgisch Federaal parlement. D66 Nee
90%
bezienswaardigheden in België aan. Deltawerken Nee
90%
bezienswaardigheden in België aan. Manneke Pis Ja
90%
bezienswaardigheden in België aan. Sacre Coeur Nee
90%
Belgische provinciehoofdsteden aan. Dinant Nee
89%
Belgische koningen aan. Leopold II Ja
89%
bezienswaardigheden in België aan. Atomium Ja
88%
bekende Belgen aan. Charles Aznavour Nee
88%
politieke partijen aan die verkozen zijn in het Belgisch Federaal parlement. FPU Nee
88%
Belgische provinciehoofdsteden aan. Gent Ja
88%
bekende Belgen aan. Jan-Jaap Van Der Wal Nee
88%
Belgische koningen aan. Boudewijn I Ja
87%
politieke partijen aan die verkozen zijn in het Belgisch Federaal parlement. CDU Nee
87%
Europese wegen (E-wegen) die door België lopen aan. E231 Nee
87%
Europese wegen (E-wegen) die door België lopen aan. E262 Nee
87%
Europese wegen (E-wegen) die door België lopen aan. E89 Nee
87%
bekende Belgen aan. Gérard Depardieu Nee
87%
Belgische provinciehoofdsteden aan. Kortrijk Nee
87%
Belgische koningen aan. Leopold I Ja
87%
Belgische provinciehoofdsteden aan. Mechelen Nee
87%
Belgische provinciehoofdsteden aan. Brugge Ja
86%
bekende Belgen aan. Eden Hazard Ja
86%
Belgische provinciehoofdsteden aan. Genk Nee
86%
bekende Belgen aan. Gers Pardoel Nee
86%
Belgische provinciehoofdsteden aan. Hasselt Ja
86%
bekende Belgen aan. Marine Le Pen Nee
86%
politieke partijen aan die verkozen zijn in het Belgisch Federaal parlement. Open VLD Ja
86%
politieke partijen aan die verkozen zijn in het Belgisch Federaal parlement. PVV Nee
86%
politieke partijen aan die verkozen zijn in het Belgisch Federaal parlement. SPD Nee
86%
bezienswaardigheden in België aan. Torenbrug Nee
86%
politieke partijen aan die verkozen zijn in het Belgisch Federaal parlement. VVD Nee
86%
officieel in België uitgevonden voorwerpen aan. Automobiel Nee
85%
politieke partijen aan die verkozen zijn in het Belgisch Federaal parlement. CD&V Ja
85%
Europese wegen (E-wegen) die door België lopen aan. E1 Nee
85%
Belgische koningen aan. Filip I Ja
85%
bekende Belgen aan. Marco Borsato Nee
85%
bekende Belgen aan. Urbanus Ja
85%
secundaire steden in België aan. Breda Nee
84%
Europese wegen (E-wegen) die door België lopen aan. E40 Ja
84%
Europese wegen (E-wegen) die door België lopen aan. E52 Nee
84%
bekende Belgen aan. Jean Claude Van Damme Ja
84%
bekende Belgen aan. Kim Clijsters Ja
84%
bekende Belgen aan. Niels Destadsbaeder Ja
84%
Europese wegen (E-wegen) die door België lopen aan. E105 Nee
83%
Europese wegen (E-wegen) die door België lopen aan. E94 Nee
83%
secundaire steden in België aan. Eindhoven Nee
83%
secundaire steden in België aan. Leeuwarden Nee
83%
secundaire steden in België aan. Leiden Nee
83%
Belgische koningen aan. Leopold III Ja
83%
Belgische koningen aan. Albert II Ja
82%
bezienswaardigheden in België aan. Brandenburgse Poort Nee
82%
secundaire steden in België aan. Calais Nee
82%
Europese wegen (E-wegen) die door België lopen aan. E15 Nee
82%
politieke partijen aan die verkozen zijn in het Belgisch Federaal parlement. En marche Nee
82%
bekende Belgen aan. Jeroen Meus Ja
82%
Belgische provinciehoofdsteden aan. Leuven Ja
82%
officieel in België uitgevonden voorwerpen aan. USB-stick Nee
81%
bekende Belgen aan. Brigitte Bardot Nee
80%
officieel in België uitgevonden voorwerpen aan. Deodorant Nee
80%
Belgische koningen aan. Filip II Nee
80%
politieke partijen aan die verkozen zijn in het Belgisch Federaal parlement. N-VA Ja
80%
secundaire steden in België aan. Oostende Ja
80%
bekende Belgen aan. Thierry Henry Nee
80%
secundaire steden in België aan. Delft Nee
79%
Belgische provinciehoofdsteden aan. Bergen Ja
78%
secundaire steden in België aan. Ieper Ja
78%
Belgische koningen aan. Albert III Nee
77%
officieel in België uitgevonden voorwerpen aan. Frieten Ja
77%
officieel in België uitgevonden voorwerpen aan. LED-lamp Nee
77%
bekende Belgen aan. Charles Michel Ja
76%
officieel in België uitgevonden voorwerpen aan. Computerchip Nee
76%
Europese wegen (E-wegen) die door België lopen aan. E17 Ja
76%
Europese wegen (E-wegen) die door België lopen aan. E19 Ja
75%
bezienswaardigheden in België aan. Gravensteen Ja
75%
Belgische koningen aan. Leopold IV Nee
75%
secundaire steden in België aan. Maastricht Nee
75%
officieel in België uitgevonden voorwerpen aan. Radiowekker Nee
75%
secundaire steden in België aan. Turnhout Ja
75%
secundaire steden in België aan. Aarschot Ja
74%
politieke partijen aan die verkozen zijn in het Belgisch Federaal parlement. Groen Ja
74%
bezienswaardigheden in België aan. IJzertoren Ja
74%
Belgische provinciehoofdsteden aan. Charleroi Nee
73%
politieke partijen aan die verkozen zijn in het Belgisch Federaal parlement. S.pa Ja
72%
secundaire steden in België aan. Diest Ja
71%
officieel in België uitgevonden voorwerpen aan. Tipp-Ex Nee
71%
bezienswaardigheden in België aan. Menenpoort Ja
70%
Belgische koningen aan. Boudewijn II Nee
69%
officieel in België uitgevonden voorwerpen aan. Stoommachine Nee
68%
secundaire steden in België aan. Eupen Ja
67%
bezienswaardigheden in België aan. Lakenhallen Ja
67%
officieel in België uitgevonden voorwerpen aan. Saxofoon Ja
66%
officieel in België uitgevonden voorwerpen aan. Praline Ja
65%
politieke partijen aan die verkozen zijn in het Belgisch Federaal parlement. MR Ja
64%
bezienswaardigheden in België aan. Sint-Rombouts Kathedraal Ja
64%
officieel in België uitgevonden voorwerpen aan. Witloof Ja
64%
politieke partijen aan die verkozen zijn in het Belgisch Federaal parlement. PS Ja
63%
Belgische provinciehoofdsteden aan. Waver Ja
63%
bezienswaardigheden in België aan. Jubelpark Ja
62%
secundaire steden in België aan. Moeskroen Ja
62%
Belgische provinciehoofdsteden aan. Aarlen Ja
61%
Europese wegen (E-wegen) die door België lopen aan. E314 Ja
60%
Belgische Provincies aan. Brussel Nee
56%
secundaire steden in België aan. Verviers Ja
55%
politieke partijen aan die verkozen zijn in het Belgisch Federaal parlement. PVDA Ja
54%
Belgische provinciehoofdsteden aan. Brussel Nee
52%
Europese wegen (E-wegen) die door België lopen aan. E411 Ja
52%
Europese wegen (E-wegen) die door België lopen aan. E34 Ja
51%
bezienswaardigheden in België aan. Sint-Pietersbasiliek Nee
51%
Europese wegen (E-wegen) die door België lopen aan. E403 Ja
44%
officieel in België uitgevonden voorwerpen aan. Anticonceptiepil Ja
33%
officieel in België uitgevonden voorwerpen aan. Asfalt Ja
30%
politieke partijen aan die verkozen zijn in het Belgisch Federaal parlement. CDH Ja
30%
Europese wegen (E-wegen) die door België lopen aan. E42 Ja
29%
secundaire steden in België aan. Libramont Ja
26%
officieel in België uitgevonden voorwerpen aan. Cassette Ja
18%
officieel in België uitgevonden voorwerpen aan. Parkeersensoren Ja
9%
Geen overeenkomende quizzen gevonden
Scoreverdeling
Procent van Mensen met Elke Score
Percentiel versus Aantal Correcte Antwoorden
Uw Scoregeschiedenis
U heeft deze quiz nog niet genomen